[Event "AUT-chT District U18 Online Rapid"]
[Site "Playchess.com INT"]
[Date "2020.12.12"]
[Round "7"]
[White "Hegedues Moederndorfer, Theodor"]
[Black "Reisenhofer, Jonathan"]
[Result "0-1"]
[WhiteElo "1329"]
[BlackElo "1798"]
[PlyCount "46"]
[EventDate "2020.12.12"]
[EventType "team-swiss (rapid)"]
[EventRounds "9"]
[EventCountry "AUT"]
[SourceTitle "EXT 2022"]
[Source "ChessBase"]
[SourceDate "2021.10.06"]
[SourceVersion "1"]
[SourceVersionDate "2021.10.06"]
[SourceQuality "1"]

1. e4 e5 2. Qh5 Nc6 3. Bb5 Nf6 4. Qf3 Nd4 5. Qd3 Nxb5 6. Qxb5 a6 7. Qb4 Bxb4 8. c3 Bc5 9. b4 Bb6 10. a4 Nxe4 11. a5 Bxf2+ 12. Kf1 Qf6 13. d3 Bg3+ 14. Nf3 Bf4 15. dxe4 Bxc1 16. Kf2 d6 17. Rxc1 Bg4 18. h3 Bxf3 19. gxf3 Qh6 20. Kg3 Qxc1 21. b5 h5 22. bxa6 g5 23. axb7 Qg1# 0-1

[Event "AUT-chT District U18 Online Rapid"]
[Site "Playchess.com INT"]
[Date "2020.12.12"]
[Round "9"]
[White "Huber, Elisa"]
[Black "Hegedues Moederndorfer, Theodor"]
[Result "1-0"]
[WhiteElo "1602"]
[BlackElo "1327"]
[PlyCount "51"]
[EventDate "2020.12.12"]
[EventType "team-swiss (rapid)"]
[EventRounds "9"]
[EventCountry "AUT"]
[SourceTitle "EXT 2022"]
[Source "ChessBase"]
[SourceDate "2021.10.06"]
[SourceVersion "1"]
[SourceVersionDate "2021.10.06"]
[SourceQuality "1"]

1. d4 d5 2. Bf4 Bf5 3. e3 e6 4. Nf3 Nf6 5. c3 c6 6. Nbd2 Nbd7 7. Ne5 Ne4 8. Ndf3 Ndf6 9. Bd3 Bd6 10. Qc2 Qc7 11. Bg3 Bg6 12. 0-0-0 0-0-0 13. Nxg6 Nxf2 14. Qxf2 Ng4 15. Qc2 Bxg3 16. hxg3 fxg6 17. c4 dxc4 18. Bxc4 Qxg3 19. Bxe6+ Kc7 20. Bxg4 Qxg4 21. Rh4 Qxg2 22. Qxg2 g5 23. Qxg5 Rde8 24. Qxg7+ Kd8 25. Ne5 Rhg8 26. Qd7# 1-0